| 000 | 00000nas##2200000za#4500 |
| 001 | 9.504136 |
| 003 | CaOODSP |
| 005 | 20200325094738 |
| 007 | cr ||||||||||| |
| 008 | 150406c2004||||xxc|| p o||||f| |0fre|d |
| 040 | |aCaOODSP|bfre |
| 043 | |an-cn--- |
| 086 | 1 |aEn55-7F-PDF |
| 110 | 1 |aCanada.|bEnvironnement Canada. |bService canadien des glaces. |
| 245 | 10|aRésumé saisonnier pour l'Arctique canadien |h[ressource électronique] |
| 246 | 1 |iTitre de renvoi : |aRésumé saisonnier pour les eaux de l'Arctique canadien |
| 260 | |aOttawa - Ontario : |bEnvironnement Canada. |
| 310 | |aAnnuel |
| 362 | 1 |aÉté 2004-- |
| 775 | 08|tSeasonal summary for the Canadian Arctic |w(CaOODSP)9.507758 |